| 000 | 00000nas 2200000zi 4500 |
| 001 | 9.944721 |
| 003 | CaOODSP |
| 005 | 20241104111600 |
| 006 | m o d f |
| 007 | cr ||||||||||| |
| 008 | 241031d19741977oncqr p o f0###a0eng|d |
| 022 | |z0383-302X |
| 040 | |aCaOODSP|beng|erda|cCaOODSP |
| 043 | |an-cn--- |
| 086 | 1 |aIC41-1E-PDF |
| 245 | 00|aSelected titles published by Government of Canada departments and agencies and by international organizations. |
| 246 | 34|aSelected titles. Government of Canada publications, international organizations publications |
| 264 | 1|a[Ottawa] : |bInformation Canada; |bSupply and Services Canada, |c1974-1977. |
| 310 | |aQuarterly |
| 336 | |atext|2rdacontent |
| 337 | |acomputer|2rdamedia |
| 338 | |aonline resource|2rdacarrier |
| 362 | 1 |aBegan with : Winter 1974 ; ceased with : Winter 1976/77. |
| 500 | |aIssued also in French under title: Titres choisis publiés par les ministères et agences du Gouvernement du Canada et par certaines organizations internationales. |
| 500 | |aDigitized edition from print [produced by Government of Canada Publications Directorate]. |
| 550 | |aIssued by Information Canada (1974-1976), by Supply and Services Canada (1976-1977). |
| 588 | |aDescription based on: Winter 74/75. |
| 588 | |aLatest issue consulted: Spring 1976. |
| 650 | 0|aGovernment publications|zCanada|xBibliography|vPeriodicals. |
| 655 | 7|aPeriodicals|2lcgft |
| 710 | 1 |aCanada.|bInformation Canada, |eissuing body. |
| 710 | 1 |aCanada. |bSupply and Services Canada, |eissuing body. |
| 775 | 08|tTitres choisis publié par les ministères et agences du gouvernement du Canada et par certaines organizations internationales.|w(CaOODSP)9.944720 |
| 785 | 00|tSelected titles published by Government of Canada departments and agencies.|w(CaOODSP)9.902009 |